[Event "Mazowiec-chT 1516"]
[Site "Poland"]
[Date "2016.01.24"]
[Round "4.6"]
[White "Staroszczyk, Mateusz"]
[Black "Melchers, Damian"]
[Result "1-0"]
[WhiteElo "1934"]
[BlackElo "1953"]
[PlyCount "95"]
[EventDate "2015.12.13"]
[EventType "team-tourn"]
[EventRounds "7"]
[EventCountry "POL"]
[SourceTitle "EXT 2019"]
[Source "ChessBase"]
[SourceDate "2018.10.10"]
[SourceVersion "1"]
[SourceVersionDate "2018.10.10"]
[SourceQuality "1"]
[WhiteTeam "Zielonka Zieloni II"]
[BlackTeam "Warszawa Entropia"]
[WhiteTeamCountry "POL"]
[BlackTeamCountry "POL"]

1. c4 e5 2. Nc3 Nf6 3. g3 d5 4. cxd5 Nxd5 5. Bg2 Nb6 6. Nf3 Nc6 7. 0-0 Be7 8. d3 Be6 9. Be3 0-0 10. Rc1 Qd7 11. Re1 Rad8 12. Ng5 Bxg5 13. Bxg5 f6 14. Be3 Nd5 15. Bc5 Rf7 16. Ne4 b6 17. Ba3 Nd4 18. b3 c5 19. Qd2 Qb5 20. Red1 Qa6 21. Bxc5 bxc5 22. Nxc5 Qb6 23. e3 Nb5 24. Nxe6 Qxe6 25. Rc5 Nbc7 26. Qa5 a6 27. Rdc1 Rfd7 28. e4 Nb6 29. Rxc7 Rxc7 30. Rxc7 Rxd3 31. Bf1 Rd1 32. Kg2 Qd6 33. Qc5 Qxc5 34. Rxc5 Rd2 35. Ra5 Nd7 36. Bxa6 Rb2 37. Bc4+ Kf8 38. Ra7 Nb6 39. Be6 h5 40. a4 h4 41. a5 h3+ 42. Kxh3 Na4 43. bxa4 Rxf2 44. a6 g5 45. Rf7+ Ke8 46. a7 g4+ 47. Kxg4 f5+ 48. exf5 1-0

[Event "Warsaw YMCA Winter-B 135th"]
[Site "Warsaw"]
[Date "2014.03.12"]
[Round "10"]
[White "Maj, Pawel"]
[Black "Melchers, Damian"]
[Result "1/2-1/2"]
[WhiteElo "1918"]
[BlackElo "1952"]
[PlyCount "57"]
[EventDate "2014.01.08"]
[EventType "tourn"]
[EventRounds "13"]
[EventCountry "POL"]
[SourceTitle "EXT 2015"]
[Source "ChessBase"]
[SourceDate "2014.11.20"]
[SourceVersion "1"]
[SourceVersionDate "2014.11.20"]
[SourceQuality "1"]

1. c4 e5 2. Nc3 Nf6 3. g3 d5 4. cxd5 Nxd5 5. Bg2 Nb6 6. Nf3 Nc6 7. d3 Be7 8. 0-0 Be6 9. Be3 0-0 10. Ne4 Nd5 11. Bc5 f6 12. Bxe7 Qxe7 13. Rc1 Bf7 14. a3 Nd8 15. b4 c6 16. Nc5 Ne6 17. e3 a5 18. e4 Nb6 19. Nh4 g6 20. f4 axb4 21. axb4 Nd4 22. fxe5 fxe5 23. Nf3 Rfd8 24. Ra1 Rxa1 25. Qxa1 Ra8 26. Qd1 Nxf3+ 27. Qxf3 Na4 28. Ra1 Nb6 29. Rxa8+ 1/2-1/2

[Event "Warsaw YMCA Winter-B 135th"]
[Site "Warsaw"]
[Date "2014.03.05"]
[Round "9"]
[White "Melchers, Damian"]
[Black "Praczukowski, Stanislaw"]
[Result "1/2-1/2"]
[WhiteElo "1952"]
[BlackElo "1902"]
[PlyCount "27"]
[EventDate "2014.01.08"]
[EventType "tourn"]
[EventRounds "13"]
[EventCountry "POL"]
[SourceTitle "EXT 2015"]
[Source "ChessBase"]
[SourceDate "2014.11.20"]
[SourceVersion "1"]
[SourceVersionDate "2014.11.20"]
[SourceQuality "1"]

1. e4 e5 2. Nf3 Nc6 3. Bb5 Nf6 4. d3 Bc5 5. 0-0 Nd4 6. Nxd4 Bxd4 7. c3 Bb6 8. Bg5 c6 9. Ba4 d6 10. Nd2 h6 11. Be3 0-0 12. Bxb6 Qxb6 13. Nc4 Qc7 14. Ne3 1/2-1/2

[Event "Mazowiec-chT 1314"]
[Site "Poland"]
[Date "2014.02.09"]
[Round "7.7"]
[White "Jaskowski, Piotr"]
[Black "Melchers, Damian"]
[Result "1-0"]
[WhiteElo "1858"]
[BlackElo "1952"]
[PlyCount "121"]
[EventDate "2014.01.12"]
[EventType "team-tourn"]
[EventRounds "10"]
[EventCountry "POL"]
[SourceTitle "EXT 2019"]
[Source "ChessBase"]
[SourceDate "2018.10.10"]
[SourceVersion "1"]
[SourceVersionDate "2018.10.10"]
[SourceQuality "1"]

1. e4 c5 2. Nc3 Nc6 3. g3 g6 4. Bg2 Bg7 5. d3 d6 6. Be3 e6 7. Qd2 Nge7 8. Bh6 Bxh6 9. Qxh6 Nd4 10. Rc1 Qb6 11. Nd1 Bd7 12. c3 Ndc6 13. Ne2 Ne5 14. Qd2 Qa6 15. c4 Qxa2 16. 0-0 0-0 17. f4 N5c6 18. Rc3 Qa5 19. g4 f5 20. Ne3 Nd4 21. Ng3 Rab8 22. Qd1 a6 23. Ra3 Qc7 24. h4 a5 25. h5 b5 26. hxg6 hxg6 27. gxf5 exf5 28. exf5 Ndxf5 29. Ngxf5 Bxf5 30. cxb5 Rxb5 31. Qe1 Rxb2 32. Qc3 Rb4 33. Bd5+ Kh7 34. Ra2 Rd4 35. Rh2+ Kg7 36. Ba2 Rf6 37. Nc2 Rxd3 38. Rh7+ Kxh7 39. Qxf6 Ng8 40. Bxg8+ Kxg8 41. Re1 Qf7 42. Qd8+ Kg7 43. Re7 Rd1+ 44. Ne1 Rxe1+ 45. Rxe1 Qf6 46. Re7+ Kh6 47. Rh7+ Kxh7 48. Qxf6 Bd3 49. Qxd6 c4 50. Qc7+ Kg8 51. Qxa5 Kf7 52. Qc5 Ke6 53. Kf2 Kf6 54. Ke3 Ke6 55. Kd4 Kf6 56. Qe5+ Kf7 57. Kd5 Bf1 58. Kd6 Bd3 59. Qe7+ Kg8 60. Ke6 c3 61. Kf6 1-0

[Event "Warsaw YMCA Winter-B 135th"]
[Site "Warsaw"]
[Date "2014.02.06"]
[Round "7"]
[White "Melchers, Damian"]
[Black "Safanowski, Tomasz"]
[Result "1/2-1/2"]
[WhiteElo "1952"]
[BlackElo "1928"]
[PlyCount "98"]
[EventDate "2014.01.08"]
[EventType "tourn"]
[EventRounds "13"]
[EventCountry "POL"]
[SourceTitle "EXT 2015"]
[Source "ChessBase"]
[SourceDate "2014.11.20"]
[SourceVersion "1"]
[SourceVersionDate "2014.11.20"]
[SourceQuality "1"]

1. Nf3 Nf6 2. g3 b6 3. Bg2 Bb7 4. 0-0 g6 5. d3 Bg7 6. e4 d6 7. Nc3 0-0 8. Nh4 c5 9. f4 e5 10. f5 d5 11. Bg5 dxe4 12. Nxe4 Qd4+ 13. Kh1 Bxe4 14. dxe4 Nc6 15. c3 Qxd1 16. Raxd1 Rad8 17. Rxd8 Nxd8 18. Rd1 Nb7 19. Kg1 Rd8 20. Rxd8+ Nxd8 21. fxg6 hxg6 22. Nf3 Ne6 23. Bxf6 Bxf6 24. Bf1 Kf8 25. Kf2 Ke7 26. Bc4 Nc7 27. a4 Bg7 28. g4 a6 29. h4 b5 30. axb5 axb5 31. Ba2 Bh6 32. Nxe5 c4 33. b3 Bd2 34. bxc4 Bxc3 35. Nc6+ Kd6 36. cxb5 Nxb5 37. Nd8 f6 38. h5 gxh5 39. gxh5 f5 40. Nf7+ Ke7 41. e5 Kf8 42. h6 Kg8 43. Bc4 Nd4 44. Ng5+ Kh8 45. h7 Bd2 46. Nf3 Nxf3 47. e6 Bg5 48. Kxf3 Kxh7 49. Bd3 Kg6 1/2-1/2

[Event "Warsaw YMCA Winter-B 135th"]
[Site "Warsaw"]
[Date "2014.01.28"]
[Round "12"]
[White "Gajewski, Dariusz"]
[Black "Melchers, Damian"]
[Result "1/2-1/2"]
[WhiteElo "1986"]
[BlackElo "1952"]
[PlyCount "138"]
[EventDate "2014.01.08"]
[EventType "tourn"]
[EventRounds "13"]
[EventCountry "POL"]
[SourceTitle "EXT 2015"]
[Source "ChessBase"]
[SourceDate "2014.11.20"]
[SourceVersion "1"]
[SourceVersionDate "2014.11.20"]
[SourceQuality "1"]

1. e4 c6 2. d4 d5 3. Nc3 dxe4 4. Nxe4 Bf5 5. Ng3 Bg6 6. Nf3 Nf6 7. Ne5 e6 8. Nxg6 hxg6 9. Be2 Nbd7 10. Qd3 Bd6 11. Bd2 Qc7 12. 0-0-0 0-0-0 13. Kb1 e5 14. Bc3 Nd5 15. Ne4 Nxc3+ 16. Qxc3 Be7 17. d5 cxd5 18. Qxc7+ Kxc7 19. Rxd5 f5 20. Nc3 Bf6 21. h3 Nb6 22. Rxd8 Rxd8 23. Rd1 Rxd1+ 24. Bxd1 Kc6 25. Be2 Nd5 26. Nxd5 Kxd5 27. c4+ Kd4 28. Kc2 Bh4 29. g3 Be7 30. a3 g5 31. Kd1 f4 32. gxf4 gxf4 33. Bg4 Kxc4 34. Be6+ Kd4 35. Ke2 e4 36. f3 e3 37. a4 Kc5 38. b3 Kb4 39. Kd3 Bd6 40. Bd5 b6 41. Be6 a6 42. Bd5 b5 43. axb5 axb5 44. Be6 Be5 45. Bd5 Bf6 46. Be6 Bh4 47. Bd5 Ka3 48. Be6 Kb2 49. Ke2 Kc3 50. Bd5 Kc2 51. Be6 Bf6 52. Bd5 Bc3 53. Be6 Bd2 54. Bd5 Kc3 55. Bf7 Kd4 56. Be6 Ke5 57. Bf7 Kf5 58. Bd5 Kg5 59. Be6 Kh4 60. Bf5 Kg3 61. Be6 Kg2 62. Bf5 Bc3 63. Be6 Ba5 64. Bf5 Kg3 65. Be6 Bc3 66. Bf5 Kh4 67. Be6 g6 68. Bd7 b4 69. Be6 Kg3 1/2-1/2

[Event "Warsaw YMCA Winter-B 135th"]
[Site "Warsaw"]
[Date "2014.01.22"]
[Round "3"]
[White "Rozowski, Marcin"]
[Black "Melchers, Damian"]
[Result "1/2-1/2"]
[WhiteElo "1894"]
[BlackElo "1952"]
[PlyCount "43"]
[EventDate "2014.01.08"]
[EventType "tourn"]
[EventRounds "13"]
[EventCountry "POL"]
[SourceTitle "EXT 2015"]
[Source "ChessBase"]
[SourceDate "2014.11.20"]
[SourceVersion "1"]
[SourceVersionDate "2014.11.20"]
[SourceQuality "1"]

1. e4 c5 2. c3 d5 3. exd5 Qxd5 4. d4 Nc6 5. dxc5 Qxc5 6. Na3 Nf6 7. Be3 Qa5 8. Nc4 Qc7 9. Qa4 e6 10. Nf3 Be7 11. Nb6 Rb8 12. Nxc8 Rxc8 13. Bb5 a6 14. Be2 0-0 15. 0-0 Rfd8 16. Rfd1 Nd5 17. Qe4 Nxe3 18. Qxe3 Bf6 19. Rxd8+ Rxd8 20. Rd1 Rxd1+ 21. Bxd1 Qd6 22. Nd2 1/2-1/2

[Event "Mazowiec-chT 1314"]
[Site "Poland"]
[Date "2014.01.12"]
[Round "1.3"]
[White "Melchers, Damian"]
[Black "Rodak, Przemyslaw"]
[Result "1-0"]
[WhiteElo "1952"]
[BlackElo "1680"]
[PlyCount "133"]
[EventDate "2014.01.12"]
[EventType "team-tourn"]
[EventRounds "10"]
[EventCountry "POL"]
[SourceTitle "EXT 2019"]
[Source "ChessBase"]
[SourceDate "2018.10.10"]
[SourceVersion "1"]
[SourceVersionDate "2018.10.10"]
[SourceQuality "1"]

1. Nf3 Nf6 2. g3 d5 3. Bg2 c5 4. 0-0 e6 5. d3 Nc6 6. Nbd2 Be7 7. Re1 0-0 8. e4 dxe4 9. dxe4 Qc7 10. e5 Nd7 11. Qe2 b6 12. Nf1 Bb7 13. c3 Rfd8 14. h4 Nf8 15. h5 h6 16. Bf4 Nh7 17. Ne3 Rd7 18. Ng4 Bf8 19. Nd2 Ne7 20. Nf6+ gxf6 21. exf6 Qc8 22. fxe7 Rxe7 23. Ne4 Rd7 24. Qg4+ Bg7 25. Nd6 Rxd6 26. Bxb7 Qxb7 27. Bxd6 Nf6 28. Qe2 Nh7 29. Qe4 Qxe4 30. Rxe4 Nf6 31. Rh4 Rd8 32. Be5 Rd5 33. Bxf6 Bxf6 34. Rh2 Rd2 35. f3 Rd3 36. Rf2 b5 37. Kf1 b4 38. cxb4 Bd4 39. bxc5 Bxc5 40. Ke2 Re3+ 41. Kd2 Re5 42. Rh2 Rd5+ 43. Kc2 Bd6 44. Rd1 Rc5+ 45. Kb1 Bxg3 46. Rg2 Rg5 47. Rdg1 Bf4 48. Kc2 Kf8 49. Rxg5 hxg5 50. b4 Kg7 51. Kd3 f5 52. a4 Kh6 53. Rh1 Bg3 54. b5 Bc7 55. Kd4 g4 56. fxg4 fxg4 57. Ke4 g3 58. Kf3 Bb8 59. Rh3 Bc7 60. Rxg3 Kxh5 61. Rg7 Bb6 62. Ke4 Kh6 63. Rb7 Bc5 64. a5 Kg6 65. b6 axb6 66. a6 b5 67. a7 1-0

[Event "Warsaw YMCA Summer 124th"]
[Site "Warsaw"]
[Date "2013.07.26"]
[Round "5"]
[White "Szelejewski, Jan"]
[Black "Melchers, Damian"]
[Result "1/2-1/2"]
[WhiteElo "1836"]
[BlackElo "1952"]
[PlyCount "98"]
[EventDate "2013.07.05"]
[EventType "tourn"]
[EventRounds "10"]
[EventCountry "POL"]
[SourceTitle "EXT 2014"]
[Source "ChessBase"]
[SourceDate "2013.11.20"]
[SourceVersion "1"]
[SourceVersionDate "2013.11.20"]
[SourceQuality "1"]

1. e4 c5 2. Nf3 Nc6 3. d4 cxd4 4. Nxd4 e6 5. Nc3 Qc7 6. Be3 Nf6 7. Qd2 a6 8. 0-0-0 b5 9. f3 Bb4 10. Kb1 Bb7 11. g4 Rc8 12. g5 Ng8 13. Bd3 Nge7 14. f4 Na5 15. Nde2 0-0 16. a3 Bxc3 17. Nxc3 d5 18. Qf2 Nc4 19. Bd4 dxe4 20. Nxe4 Nf5 21. Rhg1 Bxe4 22. Bxe4 Nxd4 23. Rxd4 Rfd8 24. Rgd1 g6 25. h4 Rxd4 26. Rxd4 Rd8 27. Rxd8+ Qxd8 28. Bd3 Nb6 29. Qc5 Nd5 30. Qd4 Qd6 31. c4 bxc4 32. Bxc4 Qc6 33. Bxd5 exd5 34. b4 Qb5 35. Kb2 a5 36. Kc3 Qa4 37. Kb2 Qb5 38. Kb3 axb4 39. axb4 Qc6 40. Qc5 Qe6 41. b5 d4+ 42. Kb4 d3 43. Qd4 Qe1+ 44. Kc4 d2 45. Qd8+ Kg7 46. Qf6+ Kg8 47. Qd8+ Kg7 48. Qf6+ Kf8 49. Qd8+ Kg7 1/2-1/2

[Event "Warsaw YMCA Summer 124th"]
[Site "Warsaw"]
[Date "2013.07.12"]
[Round "2"]
[White "Potocki, Karol"]
[Black "Melchers, Damian"]
[Result "0-1"]
[WhiteElo "1876"]
[BlackElo "1952"]
[PlyCount "66"]
[EventDate "2013.07.05"]
[EventType "tourn"]
[EventRounds "10"]
[EventCountry "POL"]
[SourceTitle "EXT 2014"]
[Source "ChessBase"]
[SourceDate "2013.11.20"]
[SourceVersion "1"]
[SourceVersionDate "2013.11.20"]
[SourceQuality "1"]

1. c4 e5 2. g3 f5 3. Bg2 Nf6 4. Nc3 Nc6 5. e3 g6 6. d4 e4 7. Nh3 Bg7 8. 0-0 0-0 9. Nf4 Kh8 10. Bd2 Ne7 11. d5 d6 12. Rc1 Ng4 13. Nb5 g5 14. Ne2 Bxb2 15. Bc3+ Bxc3 16. Rxc3 Ne5 17. Qd4 a6 18. Na3 b6 19. Nc2 N7g6 20. f3 exf3 21. Bxf3 Qf6 22. Bh5 Bd7 23. Ne1 Rae8 24. Qd2 Qg7 25. Nd3 Re7 26. Bxg6 Nxg6 27. Nd4 f4 28. Ne1 Bh3 29. Rf2 fxe3 30. Rxe3 Rxf2 31. Kxf2 Rf7+ 32. Rf3 Ne5 33. Rxf7 Qxf7+ 0-1

[Event "Warsaw YMCA Summer 124th"]
[Site "Warsaw"]
[Date "2013.07.05"]
[Round "1"]
[White "Melchers, Damian"]
[Black "Praczukowski, Stanislaw"]
[Result "1/2-1/2"]
[WhiteElo "1952"]
[BlackElo "1848"]
[PlyCount "71"]
[EventDate "2013.07.05"]
[EventType "tourn"]
[EventRounds "10"]
[EventCountry "POL"]
[SourceTitle "EXT 2014"]
[Source "ChessBase"]
[SourceDate "2013.11.20"]
[SourceVersion "1"]
[SourceVersionDate "2013.11.20"]
[SourceQuality "1"]

1. Nf3 Nf6 2. g3 d5 3. Bg2 c6 4. 0-0 Bg4 5. d3 Nbd7 6. Nbd2 e6 7. Re1 Bc5 8. h3 Bh5 9. e4 Qb6 10. Qe2 dxe4 11. dxe4 0-0 12. Nc4 Qa6 13. g4 Bg6 14. Nh4 Nb6 15. Nxg6 hxg6 16. Nxb6 Qxe2 17. Rxe2 axb6 18. Bg5 e5 19. Rd2 Rfd8 20. Rxd8+ Rxd8 21. Kf1 Rd7 22. Bxf6 gxf6 23. Ke1 Kf8 24. Bf1 Rd8 25. Rd1 Ra8 26. a3 Ke7 27. h4 b5 28. c3 Bd6 29. h5 Ke6 30. Be2 Bf8 31. Rd2 Bh6 32. Rd1 Bf4 33. Kf1 Ke7 34. Ke1 Rg8 35. Bf3 Rh8 36. Ke2 1/2-1/2

[Event "Warsaw YMCA Winter-B 117th"]
[Site "Warsaw"]
[Date "2013.03.13"]
[Round "10"]
[White "Mokrzanowski, Andrzej"]
[Black "Melchers, Damian"]
[Result "1/2-1/2"]
[WhiteElo "1957"]
[BlackElo "1963"]
[PlyCount "65"]
[EventDate "2013.01.09"]
[EventType "tourn"]
[EventRounds "11"]
[EventCountry "POL"]
[SourceTitle "EXT 2014"]
[Source "ChessBase"]
[SourceDate "2013.11.20"]
[SourceVersion "1"]
[SourceVersionDate "2013.11.20"]
[SourceQuality "1"]

1. c4 e5 2. Nc3 f5 3. g3 Nf6 4. Bg2 Nc6 5. d3 Bc5 6. e3 0-0 7. Nge2 d6 8. 0-0 Ne7 9. Qb3 Kh8 10. d4 Bb6 11. Qa3 c6 12. d5 c5 13. e4 fxe4 14. Bg5 Bg4 15. Rae1 Qd7 16. Nxe4 Nxe4 17. Bxe4 Bh3 18. Bxe7 Qxe7 19. Bg2 Bg4 20. f3 Bf5 21. Nc3 Bd3 22. b3 Qg5 23. Rf2 a6 24. Ne4 Bxe4 25. Rxe4 Rae8 26. Qb2 Ba5 27. a3 Re7 28. Rfe2 Ref7 29. Rg4 Qf5 30. Rge4 Qg5 31. Rg4 Qf5 32. Rge4 Qg5 33. Rg4 1/2-1/2

[Event "Warsaw YMCA Winter-B 117th"]
[Site "Warsaw"]
[Date "2013.02.27"]
[Round "8"]
[White "Melchers, Damian"]
[Black "Rozowski, Marcin"]
[Result "1-0"]
[WhiteElo "1963"]
[BlackElo "1905"]
[PlyCount "75"]
[EventDate "2013.01.09"]
[EventType "tourn"]
[EventRounds "11"]
[EventCountry "POL"]
[SourceTitle "EXT 2014"]
[Source "ChessBase"]
[SourceDate "2013.11.20"]
[SourceVersion "1"]
[SourceVersionDate "2013.11.20"]
[SourceQuality "1"]

1. Nf3 d5 2. g3 Nf6 3. Bg2 c6 4. 0-0 Bf5 5. d3 e6 6. Nbd2 Be7 7. Re1 0-0 8. c3 Nbd7 9. e4 dxe4 10. dxe4 Bg4 11. e5 Nd5 12. h3 Bh5 13. Qe2 Qc7 14. Nf1 a5 15. c4 Nb4 16. a3 Na6 17. Bf4 Nac5 18. Rad1 Rfd8 19. N1h2 Nf8 20. b4 Nb3 21. Qe3 a4 22. Ng4 Bxg4 23. hxg4 Rxd1 24. Rxd1 Rd8 25. Rxd8 Qxd8 26. Qa7 b5 27. cxb5 cxb5 28. Qb7 Qd1+ 29. Kh2 Ng6 30. Qxb5 Nd4 31. Qe8+ Bf8 32. Ng5 Qxg4 33. Qxf7+ Kh8 34. Be3 Qh5+ 35. Bh3 h6 36. g4 Qh4 37. Qxg6 hxg5 38. Bxd4 1-0

[Event "Mazowiec-chT 1213"]
[Site "Poland"]
[Date "2013.01.27"]
[Round "6.7"]
[White "Melchers, Damian"]
[Black "Jedynak, January"]
[Result "1-0"]
[WhiteElo "1963"]
[BlackElo "1655"]
[PlyCount "85"]
[EventDate "2013.01.13"]
[EventType "team-tourn"]
[EventRounds "10"]
[EventCountry "POL"]
[SourceTitle "EXT 2019"]
[Source "ChessBase"]
[SourceDate "2018.10.10"]
[SourceVersion "1"]
[SourceVersionDate "2018.10.10"]
[SourceQuality "1"]

1. e4 e6 2. d3 d5 3. Nd2 c5 4. Ngf3 Nc6 5. g3 Nf6 6. Bg2 Be7 7. 0-0 0-0 8. Re1 Qc7 9. c3 b6 10. e5 Nd7 11. Qe2 Ba6 12. Nf1 Rad8 13. Bf4 d4 14. c4 Bb7 15. h4 a6 16. N1h2 b5 17. b3 bxc4 18. bxc4 Nb6 19. Ng5 Nb4 20. Ne4 Na4 21. Nf6+ Bxf6 22. exf6 Qd7 23. Qg4 g6 24. Qg5 Kh8 25. Qh6 Rg8 26. Bxb7 Qxb7 27. Re4 Nc3 28. Nf3 Nxe4 29. dxe4 g5 30. Nxg5 Rxg5 31. Qxg5 Rg8 32. Qxc5 Qxe4 33. Bh6 Nd3 34. Bg7+ Rxg7 35. fxg7+ Kxg7 36. Qg5+ Kh8 37. Rb1 Nb4 38. Qc1 Nxa2 39. Rb8+ Kg7 40. Qg5+ Qg6 41. Qe5+ Kh6 42. Qxd4 Kh5 43. Qd2 1-0

[Event "Mazowiec-chT 1213"]
[Site "Poland"]
[Date "2013.01.13"]
[Round "1.21"]
[White "Milczarek, Robert"]
[Black "Melchers, Damian"]
[Result "1-0"]
[WhiteElo "1812"]
[BlackElo "1963"]
[PlyCount "63"]
[EventDate "2013.01.13"]
[EventType "team-tourn"]
[EventRounds "10"]
[EventCountry "POL"]
[SourceTitle "EXT 2019"]
[Source "ChessBase"]
[SourceDate "2018.10.10"]
[SourceVersion "1"]
[SourceVersionDate "2018.10.10"]
[SourceQuality "1"]

1. d4 Nf6 2. c4 c5 3. d5 b5 4. cxb5 a6 5. b6 Qxb6 6. Nc3 d6 7. e4 g6 8. Nf3 Bg7 9. Be2 0-0 10. 0-0 a5 11. Rb1 Ba6 12. Bf4 Bxe2 13. Qxe2 Na6 14. Qd2 Rfb8 15. Bh6 Bh8 16. Bg5 Nc7 17. Rfe1 a4 18. e5 dxe5 19. Nxe5 Qd6 20. Nc6 Re8 21. Bf4 Qd7 22. Nxe7+ Kf8 23. Rbd1 Nh5 24. Bh6+ Bg7 25. Bxg7+ Nxg7 26. d6 Nce6 27. Ne4 Nd4 28. Nf6 Rxe7 29. dxe7+ Qxe7 30. Rxe7 Kxe7 31. Ne4 Rd8 32. Qg5+ 1-0

[Event "Mazowiec-chT op Autumn"]
[Site "Poland"]
[Date "2012.11.03"]
[Round "5.10"]
[White "Rylska, Kamila"]
[Black "Melchers, Damian"]
[Result "0-1"]
[WhiteElo "1366"]
[BlackElo "1972"]
[PlyCount "112"]
[EventDate "2012.10.14"]
[EventType "team-swiss"]
[EventRounds "8"]
[EventCountry "POL"]
[SourceTitle "EXT 2019"]
[Source "ChessBase"]
[SourceDate "2018.10.10"]
[SourceVersion "1"]
[SourceVersionDate "2018.10.10"]
[SourceQuality "1"]

1. e4 c5 2. Nf3 Nc6 3. Bb5 g6 4. 0-0 Bg7 5. Re1 a6 6. Bf1 d6 7. h3 e6 8. c3 e5 9. d3 Nge7 10. Nbd2 0-0 11. Nb3 f5 12. d4 cxd4 13. cxd4 fxe4 14. Rxe4 d5 15. Re1 e4 16. Nh2 Nf5 17. Be3 Qb6 18. Re2 Be6 19. Rd2 Rac8 20. Rc1 a5 21. a4 Qb4 22. Bb5 Na7 23. Nc5 Bf7 24. Rc3 Nxb5 25. Rb3 Qxd2 26. Qxd2 Nbxd4 27. Rc3 Nxe3 28. Qxe3 Ne2+ 29. Qxe2 Bxc3 30. bxc3 Rxc5 31. Qb2 Rfc8 32. Qxb7 Rxc3 33. Ng4 Rc2 34. Qb5 R2c5 35. Qa6 R8c6 36. Qa7 Rc7 37. Qb6 h5 38. Ne5 Kg7 39. Nd7 Rc1+ 40. Kh2 Rxd7 41. Qb2+ d4 42. Qxc1 d3 43. Qc3+ Kh7 44. Qc6 Be8 45. Qc1 d2 46. Qd1 Rd4 47. h4 Bxa4 48. Qa1 d1Q 49. Qa2 Qb3 50. Qa1 Qc4 51. Qb2 Qc7+ 52. g3 Rc4 53. Qf6 Rc2 54. Qf8 e3 55. Qa3 Rxf2+ 56. Kh3 Bd7+ 0-1

[Event "Mazowiec-chT 1112"]
[Site "Poland"]
[Date "2012.02.19"]
[Round "7.2"]
[White "Jadachowski, Tomasz"]
[Black "Melchers, Damian"]
[Result "1-0"]
[WhiteElo "2019"]
[BlackElo "1999"]
[PlyCount "70"]
[EventDate "2012.01.08"]
[EventType "team-tourn"]
[EventRounds "10"]
[EventCountry "POL"]
[SourceTitle "EXT 2019"]
[Source "ChessBase"]
[SourceDate "2018.10.10"]
[SourceVersion "1"]
[SourceVersionDate "2018.10.10"]
[SourceQuality "1"]

1. e4 c5 2. Nf3 Nc6 3. d3 g6 4. g3 Bg7 5. Bg2 e5 6. 0-0 Nge7 7. Be3 d6 8. c3 0-0 9. Na3 h6 10. d4 cxd4 11. cxd4 Bg4 12. d5 Nd4 13. Bxd4 exd4 14. Qd2 Bxf3 15. Bxf3 f5 16. Rac1 fxe4 17. Bxe4 Nf5 18. Nb5 Qb6 19. Nc7 Rac8 20. Ne6 Rxc1 21. Rxc1 Rf7 22. Kg2 a6 23. b3 a5 24. h4 Rf6 25. h5 g5 26. Rc8+ Kf7 27. Bxf5 Rxf5 28. Rc7+ Kf6 29. Rxg7 Rxd5 30. Qd3 Rf5 31. Rg6+ Ke5 32. f4+ gxf4 33. gxf4+ Rxf4 34. Nxf4 Qc6+ 35. Kg3 Qc3 1-0

[Event "Mazowiec-chT 1112"]
[Site "Poland"]
[Date "2012.01.08"]
[Round "1.8"]
[White "Melchers, Damian"]
[Black "Krolikowski, Ryszard"]
[Result "0-1"]
[WhiteElo "1999"]
[BlackElo "2135"]
[PlyCount "124"]
[EventDate "2012.01.08"]
[EventType "team-tourn"]
[EventRounds "10"]
[EventCountry "POL"]
[SourceTitle "EXT 2019"]
[Source "ChessBase"]
[SourceDate "2018.10.10"]
[SourceVersion "1"]
[SourceVersionDate "2018.10.10"]
[SourceQuality "1"]

1. e4 Nf6 2. Nc3 d5 3. e5 Ne4 4. d4 Nxc3 5. bxc3 c5 6. f4 Nc6 7. Nf3 e6 8. Be2 Be7 9. 0-0 Qc7 10. a4 Bd7 11. Kh1 Rc8 12. f5 exf5 13. Bf4 Be6 14. Qe1 0-0 15. Qg3 Kh8 16. Rfd1 cxd4 17. cxd4 Nb4 18. Rd2 Qd8 19. Rb1 Rc3 20. Rb3 Rxb3 21. cxb3 a6 22. Rd1 Qd7 23. Bg5 Rc8 24. Rc1 Bxg5 25. Qxg5 Rxc1+ 26. Qxc1 Qc8 27. Qg5 h6 28. Qd2 a5 29. h3 Qc2 30. Qe3 Na2 31. Qd2 Qxd2 32. Nxd2 Nc1 33. Bd1 f4 34. Nb1 Na2 35. Bc2 Nb4 36. Bd1 Na2 37. Bc2 Kg8 38. Kg1 Kf8 39. Kf2 Nb4 40. Bd1 Na2 41. Bc2 Ke7 42. Kf3 g5 43. h4 f6 44. exf6+ Kxf6 45. Na3 Nc3 46. Bd3 Bf5 47. Bxf5 Kxf5 48. hxg5 hxg5 49. Nc2 g4+ 50. Kf2 Ke4 51. g3 fxg3+ 52. Kxg3 Kd3 53. Ne1+ Kd2 54. Kf2 g3+ 55. Kf1 Ke3 56. Nc2+ Kd3 57. Ne1+ Kxd4 58. Kg2 Ne4 59. Nc2+ Kc3 60. Ne3 d4 61. Nc4 d3 62. Kf1 Nd2+ 0-1

[Event "POL-chT3 Mazowiecki"]
[Site "Warsaw"]
[Date "2011.01.09"]
[Round "1.28"]
[White "Olejarczyk, Bogdan"]
[Black "Melchers, Damian"]
[Result "1/2-1/2"]
[WhiteElo "2104"]
[BlackElo "1985"]
[PlyCount "131"]
[EventDate "2011.01.09"]
[EventType "team-tourn"]
[EventRounds "10"]
[EventCountry "POL"]
[SourceTitle "EXT 2015"]
[Source "ChessBase"]
[SourceDate "2014.11.20"]
[SourceVersion "1"]
[SourceVersionDate "2014.11.20"]
[SourceQuality "1"]
[WhiteTeam "Warszawa KU AZS UW w III"]
[BlackTeam "Warszawa Entropia II"]
[WhiteTeamCountry "POL"]
[BlackTeamCountry "POL"]

1. d4 Nf6 2. Nf3 c5 3. e3 d5 4. c3 cxd4 5. exd4 e6 6. Bd3 Bd6 7. 0-0 h6 8. Re1 0-0 9. Ne5 Re8 10. Bf4 Qc7 11. Nd2 Nc6 12. Bg3 Bd7 13. Ndf3 Rab8 14. a4 a6 15. a5 Rec8 16. Nxc6 Bxc6 17. Bxd6 Qxd6 18. Ne5 Nd7 19. Qg4 Nxe5 20. Rxe5 Bb5 21. Bc2 b6 22. Re3 bxa5 23. Rg3 Qf8 24. Rxa5 Bc4 25. b4 Bb5 26. Qf4 Kh8 27. Re3 Rb7 28. g4 Qe7 29. Qg3 Rbc7 30. h4 g6 31. Ra3 Kg7 32. f4 Qd6 33. Qf3 Qd8 34. Qf2 Qd6 35. Kg2 Re7 36. Ra1 Rec7 37. Qf3 Qd8 38. Kh3 Qd6 39. h5 Re7 40. Rae1 Bd7 41. f5 exf5 42. gxf5 Rxe3 43. Rxe3 Re8 44. Rxe8 Bxe8 45. fxg6 fxg6 46. hxg6 Bxg6 47. Bxg6 Kxg6 48. Qg4+ Kf7 49. Qf5+ Ke7 50. Qh7+ Kd8 51. Kg2 Qc6 52. Kf2 Qxc3 53. Qg8+ Kc7 54. Qxd5 Qxb4 55. Qf7+ Kc6 56. d5+ Kb6 57. Qe6+ Ka5 58. d6 Qd4+ 59. Kg3 Kb6 60. d7+ Kc7 61. Qxa6 Qe3+ 62. Kh4 Qf4+ 63. Kh3 Kxd7 64. Qb7+ Ke6 65. Qc8+ Kd5 66. Qb7+ 1/2-1/2

[Event "Warsaw City-ch"]
[Site "Warsaw"]
[Date "2009.10.04"]
[Round "9"]
[White "Szewczyk, Mariusz"]
[Black "Melchers, Damian"]
[Result "0-1"]
[WhiteElo "1721"]
[BlackElo "1991"]
[PlyCount "69"]
[EventDate "2009.09.26"]
[EventType "swiss"]
[EventRounds "9"]
[EventCountry "POL"]
[SourceTitle "EXT 2010"]
[Source "ChessBase"]
[SourceDate "2010.11.25"]
[SourceVersion "1"]
[SourceVersionDate "2010.11.25"]
[SourceQuality "1"]

1. e4 d6 2. d4 Nf6 3. Bd3 e5 4. Nf3 exd4 5. Nxd4 Nc6 6. c3 g6 7. Bg5 Bg7 8. 0-0 0-0 9. f4 Qd7 10. Nd2 a6 11. f5 Ne5 12. Bc2 c5 13. N4f3 b5 14. Nb3 Nc4 15. Qc1 Bb7 16. Nbd2 Nxd2 17. Nxd2 Rae8 18. Bxf6 Bxf6 19. Re1 d5 20. exd5 Bxd5 21. Rxe8 Rxe8 22. Qf1 Bg7 23. Qf2 Qe7 24. Kf1 b4 25. Ba4 Rd8 26. Re1 Qd6 27. Rd1 bxc3 28. bxc3 Bxc3 29. h3 Bxd2 30. Qxd2 Bc4+ 31. Ke1 Qe5+ 32. Kf2 Rxd2+ 33. Rxd2 Qxf5+ 34. Kg1 Qf1+ 35. Kh2 0-1